| 000 | 01316cam a22001815a 4500 | ||
|---|---|---|---|
| 001 | L156878 | ||
| 008 | 120724s1835 xxk f 000 0 eng d | ||
| 035 | _a(Sirsi) u156878 | ||
| 041 | 0 | _aeng | |
| 245 | 0 | 0 | _aParticulars and conditions of sale, of the first portion of very valuable and important freehold property, in the parish of Battersea, consisting of numerous plots of land, in Battersea Fields, on the north side of the road, leading from Vauxhall to Battersea, having considerable frontages thereto, and also to the River Thames, with docks, and other conveniences, extending westward from Nine Elms, to the Battersea Bridge Road, including many sites eligible for building purposes, also the well-known and much-frequented tavern, The Red House ... some houses near Battersea Bridge; and the vitriol manufactory and premises, at Nine Elms ... which will be sold by auction, by Mr. Rainy ... on Tuesday, the 23rd day of June, 1835 ... in sixty-one lots |
| 260 |
_a[London] _bPrinted by T. Brettell, Rupert Street, Haymarket _c[1835] |
||
| 300 |
_a35 p. _b1 folded col. plan _c24 cm. |
||
| 520 | _aThe item contains pencil annotations with details of prices paid for lots. | ||
| 583 |
_aCondition reviewed _c20120620 _lcondition level 4 |
||
| 651 | 4 | _aLondon | |
| 690 |
_aAuctioneering _96218 |
||
| 942 | _n0 | ||
| 999 |
_c114464 _d114464 |
||